GENDER BIASED LAWS IN INDIA AN ANALYSIS ON MEN HAVING WEAKER SECTION IN LAW (Record no. 34059)
[ view plain ]
| 000 -LEADER | |
|---|---|
| fixed length control field | 00283nam a22001217a 4500 |
| 003 - CONTROL NUMBER IDENTIFIER | |
| control field | SGT |
| 082 ## - DEWEY DECIMAL CLASSIFICATION NUMBER | |
| Classification number | 340 |
| Item number | KUM |
| 100 ## - MAIN ENTRY--PERSONAL NAME | |
| Personal name | KUMAR ABHISHEK |
| 245 ## - TITLE STATEMENT | |
| Title | GENDER BIASED LAWS IN INDIA AN ANALYSIS ON MEN HAVING WEAKER SECTION IN LAW |
| 260 ## - PUBLICATION, DISTRIBUTION, ETC. (IMPRINT) | |
| Year of Publication | 2021 |
| 300 ## - PAGE DESCRIPTION | |
| No. of Pages | 34 |
| 942 ## - ADDED ENTRY ELEMENTS (KOHA) | |
| Source of classification or shelving scheme | Dewey Decimal Classification |
| Koha item type | Thesis/Dissertation |
| Withdrawn status | Lost status | Source of classification or shelving scheme | Damaged status | Not for loan | Collection code | Home library | Current library | Date acquired | SGTU | Total Checkouts | Full call number | Accession No. (Barcode) | Date last seen | Bill Date | Koha item type |
|---|---|---|---|---|---|---|---|---|---|---|---|---|---|---|---|
| Dewey Decimal Classification | Not For Loan | LAW | SGT Science & Social Sciences Library | SGT Science & Social Sciences Library | 11/02/2026 | SGTU | 340 KUM | DT2561 | 11/02/2026 | 11/02/2026 | Thesis/Dissertation |